000 00745nam a22002417a 4500
003 UA-OsUOA
001 166
007 ta
008 20050519b un ||||| |||| 00| 0 ukr d
100 _aГальчинський А.С.
090 _a323(477)
_bГ17
942 _cBR
040 _aUA-OsUOA
_bukr
_cUA-OsUOA
_dUA-OsUOA
245 _aСтратегія євроінтеграції та питання участі України у формуванні Єдиного економічного простору
300 _a25 с.
955 _a1
041 _aukr
080 _a323(477)
020 _a966-554-059-9
260 _aК.
_bНІСД
_c2003
246 3 1 _aАналітичн іоцінки
_n
650 7 _a32 Політика
_2UDC
999 _c286326
_d286326